Theoretical Prediction of Physical Properties of New Organic Molecules with Potential Use in Optoelectronics
Guardado en:
| Autor principal: | |
|---|---|
| Otros Autores: | |
| Formato: | Manuscrito Libro |
| Lenguaje: | eslovaco inglés |
| Publicado: |
2025
|
| Materias: | |
| Acceso en línea: | http://is.stuba.sk/zp/portal_zp.pl?podrobnosti=171841 |
| Etiquetas: |
Sin Etiquetas, Sea el primero en etiquetar este registro!
|
MARC
| LEADER | 00000ntm a22000003a 4500 | ||
|---|---|---|---|
| 001 | stuzp87075 | ||
| 003 | SK-STU | ||
| 005 | 20250830210446.8 | ||
| 007 | ta | ||
| 008 | 150427s2015----xo-----f-mn---000-0-slo-d | ||
| 040 | |a STU |b slo | ||
| 041 | 0 | |a eng | |
| 100 | 1 | |a Uhliar, Matej |u 045280 |k Z3 |4 aut |U FCHPT Ústav fyzikálnej chémie a chemickej fyziky |T FCHPT Oddelenie chemickej fyziky |X 85402 |U C5280 |Y 118 |7 85402 | |
| 242 | 0 | 1 | |a Teoretická predikcia fyzikálnych vlastností nových organických molekúl s potenciálnym využitím v optoelektronike |y slo |
| 245 | 1 | 0 | |a Theoretical Prediction of Physical Properties of New Organic Molecules with Potential Use in Optoelectronics |
| 260 | |c 2025 | ||
| 650 | 4 | |a Organické polovodiče |2 slo | |
| 650 | 4 | |a Indexy aromaticity |2 slo | |
| 650 | 4 | |a DFT |2 slo | |
| 650 | 4 | |a Spektroelektrochémia |2 slo | |
| 650 | 4 | |a Tuhá fáza materiálov |2 slo | |
| 650 | 4 | |a Organic semiconductors |2 eng | |
| 650 | 4 | |a DFT |2 eng | |
| 650 | 4 | |a Aromaticity indices |2 eng | |
| 650 | 4 | |a Solid state materials |2 eng | |
| 650 | 4 | |a Spectroelectrochemistry |2 eng | |
| 700 | 1 | |a Lukeš, Vladimír |u 045280 |k Z1 |4 ths |U FCHPT Ústav fyzikálnej chémie a chemickej fyziky |T FCHPT Oddelenie chemickej fyziky |X 3916 |U C5280 |Y 118 |7 A000003916 | |
| 856 | 4 | |u http://is.stuba.sk/zp/portal_zp.pl?podrobnosti=171841 | |